| 000 | 01270nam a2200301 4500 | ||
|---|---|---|---|
| 003 | OSt | ||
| 005 | 20260601171006.0 | ||
| 008 | 260421t2003\\\\mx\a||||\||||\00|\0\spa\d | ||
| 020 | _a9687478187 | ||
| 040 |
_aICI _bspa _cICI |
||
| 041 | _aspa | ||
| 050 |
_aNK2014 _bM84 2003 |
||
| 111 |
_aMuestra Internacional de Interiorismo Contemporáneo (2 : 2003 : Mexico) _932365 |
||
| 245 | 1 |
_aSegunda Muestra Internacional de Interiorismo Contemporáneo : _bBienal Mexico 2003 / _cedición por Guillermo Plazola Anguiano ; apoyo en investigación y redacción Isaura González Gottdiener ; selección de Sara Topelson de Grinberg |
|
| 246 | _aBienal Mexico 2003 | ||
| 264 |
_bPlazola : _bCam-Sam : _bConaculta _c2003 _aMéxico : |b P |
||
| 300 |
_a224 páginas : _bilustraciones, col. |
||
| 336 |
_atexto _2rdacontent |
||
| 337 |
_asin medio _2rdamedia |
||
| 338 |
_avolumen _2rdacarrier |
||
| 500 | _aTexto en español e ingles | ||
| 650 | 1 |
_aDecoración de interiores _vExposiciones _zMéxico _932366 |
|
| 650 | 1 |
_aArquitectura de interiores _vExposiciones _zMéxico _932367 |
|
| 700 | 1 |
_aPlazola Anguiano, Guillermo, _eeditor |
|
| 700 | 1 |
_aGonzález Gottdiener, Isaura, _ecolaborador |
|
| 700 | 1 |
_aTopelson de Grinberg, Sara, _ecolaborador _932370 |
|
| 942 |
_2lcc _cB |
||
| 999 |
_c20303 _d20303 |
||